PHARMACEUTICAL CHEMISTRY -2 (Record no. 9617)

MARC details
000 -LEADER
fixed length control field 00338nam a22001577a 4500
003 - CONTROL NUMBER IDENTIFIER
control field SGT
020 ## - INTERNATIONAL STANDARD BOOK NUMBER
International Standard Book Number 978-81-239-2600-1
082 ## - DEWEY DECIMAL CLASSIFICATION NUMBER
Classification number 615.190
Item number P15R
100 ## - MAIN ENTRY--PERSONAL NAME
Personal name RAJE, V.N
245 ## - TITLE STATEMENT
Title PHARMACEUTICAL CHEMISTRY -2
250 ## - EDITION STATEMENT
Edition statement 2ND
260 ## - PUBLICATION, DISTRIBUTION, ETC. (IMPRINT)
Place of publication, distribution, etc NEW DELHI
Name of publisher, distributor, etc CBS PUB
Year of Publication 2015
300 ## - PAGE DESCRIPTION
No. of Pages 239
650 ## - SUBJECT ADDED ENTRY--TOPICAL TERM
Topical term or geographic name as entry element CHEMISTRY
942 ## - ADDED ENTRY ELEMENTS (KOHA)
Source of classification or shelving scheme Dewey Decimal Classification
Koha item type Books
942 ## - ADDED ENTRY ELEMENTS (KOHA)
-- 24
Holdings
Withdrawn status Lost status Source of classification or shelving scheme Damaged status Not for loan Collection code Home library Current library Shelving location Date acquired Vendor Name Cost, normal purchase price SGTU Bill Number Total Checkouts Full call number Accession No. (Barcode) Date last seen Date last borrowed Bill Date Koha item type Total Renewals
    Dewey Decimal Classification     PHARMACY SGT FA-FP Library SGT FA-FP Library Reference Book 23/07/2016 UNIVERSAL BOOK 150.00 SGTU 156 3 615.190 P15R FP1911 08/06/2022 06/06/2022 15/07/2016 Books  
    Dewey Decimal Classification     PHARMACY SGT FA-FP Library SGT FA-FP Library Text Book 23/07/2016 UNIVERSAL BOOK 150.00 SGTU 156 26 615.190 P15R FP1912 23/11/2022 23/11/2022 15/07/2016 Books 1
    Dewey Decimal Classification     PHARMACY SGT FA-FP Library SGT FA-FP Library Text Book 23/07/2016 UNIVERSAL BOOK 150.00 SGTU 156 18 615.190 P15R FP1913 08/06/2022 06/06/2022 15/07/2016 Books  
    Dewey Decimal Classification     PHARMACY SGT FA-FP Library SGT FA-FP Library Text Book 23/07/2016 UNIVERSAL BOOK 150.00 SGTU 156 19 615.190 P15R FP1914 07/10/2022 12/09/2022 15/07/2016 Books  
    Dewey Decimal Classification     PHARMACY SGT FA-FP Library SGT FA-FP Library Text Book 23/07/2016 UNIVERSAL BOOK 150.00 SGTU 156 21 615.190 P15R FP1915 30/07/2022 29/09/2021 15/07/2016 Books